| 000 | 00587nam a2200193 a 4500 | ||
|---|---|---|---|
| 005 | 20140412111344.0 | ||
| 008 | 041005s19uu xx 00 eng d | ||
| 020 | _a0-06-446737-6 | ||
| 050 |
_aTR(GS 513.2'12 _bM95 2000 |
||
| 100 | _aMurphy, Stuart | ||
| 245 |
_aLet's fly a kite / _cStuart Murphy. |
||
| 260 |
_aNew york : _bHarper collins, _c2000. |
||
| 300 | _a33 | ||
| 440 | _aMathstart | ||
| 520 | _aTwo squabbing siblings learn about symmetry when thei babysitter helps them build and fly a kite. | ||
| 650 | _aRation and proportion | ||
| 650 | _aSymmetry | ||
| 999 |
_c105195 _d105195 |
||